000 00421cam a2200157ua 4500
041 _aeng
_h
082 _a516.18
_bEUG/GE
100 _aEugene smith, David .
245 _aGeometry of Rene descartes /
_cDavid Eugene Smith.
_hTextual Documents
260 _aNew York :
_bDover Publications ,
_c1954.
300 _a256 :
_b506 ; .
504 _a
700 1 _aLatham, Marcia .
942 _cBK
999 _c10523
_d10523